书目信息 |
| 题名: |
ASP网络编程从入门到精通
|
|
| 作者: | 顼宇峰 , 马军 编著 | |
| 分册: | ||
| 出版信息: | 北京 清华大学出版社 2006.01 |
|
| 页数: | 469页 | |
| 开本: | 26cm | |
| 丛书名: | 网站开发非常之旅 | |
| 单 册: | ||
| 中图分类: | TP391.309 | |
| 科图分类: | ||
| 主题词: | 互联网络--hu lian wang lao--程序设计 | |
| 电子资源: | ||
| ISBN: | 7-302-11913-9 | |
| 000 | 01080nam2 2200289 450 | |
| 001 | 012000000468 | |
| 005 | 20070627094834.84 | |
| 010 | @a7-302-11913-9@dCNY49.00(含光盘) | |
| 100 | @a20061013d2006 ekmy0chiy50 ea | |
| 101 | 0 | @achi |
| 102 | @aCN@b110000 | |
| 105 | @ay z 000yy | |
| 200 | 1 | @aASP网络编程从入门到精通@AASP wang luo bian cheng cong ru men dao jing ting@f顼宇峰, 马军编著@Fxu yu feng , ma jun bian zhu |
| 210 | @a北京@c清华大学出版社@d2006.01 | |
| 215 | @a469页@d26cm@e光盘1张 | |
| 225 | 2 | @a网站开发非常之旅@Awang zhan kai fa fei chang zhi lv |
| 307 | @a附光盘1片ISBN:7-89494-900-0 | |
| 330 | @a全书共分16章,从基本的网络知识开始介绍,然后逐渐进入ASP的学习,接下来讲解了典型网络应用模块的设计方法,最后用一个大型电子商务系统结束全书。 | |
| 410 | 0 | @12001 @a网站开发非常之旅 |
| 606 | 0 | @a互联网络@Ahu lian wang lao@x程序设计 |
| 690 | @aTP391.309@v4 | |
| 701 | 0 | @a顼宇峰@Axu yu feng@4编著 |
| 701 | 0 | @a马军@Ama jun@4编著 |
| 801 | 0 | @aCN@bYXSD@c20070627 |
| 901 | @a1111 | |
| 905 | @aBZT@dTP393.092@e27@f6 | |
| 906 | @dCNY49.00(含光盘)@n0@r1 | |
| ASP网络编程从入门到精通/顼宇峰, 马军编著.-北京:清华大学出版社,2006.01 |
| 469页;26cm+光盘1张.-(网站开发非常之旅) |
| ISBN 7-302-11913-9:CNY49.00(含光盘) |
| 全书共分16章,从基本的网络知识开始介绍,然后逐渐进入ASP的学习,接下来讲解了典型网络应用模块的设计方法,最后用一个大型电子商务系统结束全书。 |
| ● |
| 相关链接 |
|
|
|
正题名:ASP网络编程从入门到精通
索取号:TP393.092/27
 
预约/预借
| 序号 | 登录号 | 条形码 | 馆藏地/架位号 | 状态 | 备注 |
| 1 | 0567093 | 230190416 | 样本书库/样003架B面4层1列/ [索取号:TP393.092/27] | 在馆 | |
| 2 | 0567094 | 230190415 | 中心书库中库/ 中库026架B面9列1层28/ [索取号:TP393.092/27] | 在馆 | |
| 3 | 0567095 | 230190414 | 中心书库中库/ 中库026架B面9列1层26/ [索取号:TP393.092/27] | 在馆 | |
| 4 | 0567096 | 230190419 | 中心书库中库/ 中库026架B面9列1层27/ [索取号:TP393.092/27] | 在馆 | |
| 5 | 0567097 | 230190418 | 中心书库中库/ 中库026架B面9列1层25/ [索取号:TP393.092/27] | 在馆 | |
| 6 | 0567098 | 230190417 | 中心书库中库/ 中库027架B面3列4层1/ [索取号:TP393.092/27] | 在馆 |